助動詞の活用【古典】 - Statistics

General Stats
  • This quiz has been taken 171 times
  • The average score is 97 of 143
Answer Stats
基本形 活用 % Correct
98%
95%
り | る
94%
り | る
94%
88%
ず | ぬ
87%
86%
86%
86%
らる られ
84%
さす させ
83%
たり たり
83%
まし まし
83%
らる らる
81%
80%
まほし まほし
79%
79%
たり たら
78%
78%
しむ しむ
78%
しむ しめ
77%
たり たれ
77%
さす さす
76%
76%
たり たる
76%
ず | ぬ
76%
なり なり
74%
なり | ぬ
73%
73%
72%
まじ まじ
72%
るる
71%
るれ
71%
なり なる
70%
なり なれ
70%
する
69%
むず むず
68%
たし たし
68%
すれ
68%
れよ
68%
けり けり
67%
べし べし
67%
ぬる
67%
66%
なり なら
66%
けり けれ
66%
ぬれ
66%
せよ
66%
べし べく
65%
らむ らむ
65%
べし べから
64%
つる
64%
つれ
63%
けむ けむ
62%
らる らるる
62%
べし べき
62%
べし べけれ
62%
まほし まほしく
61%
けり ける
61%
らる らるれ
61%
さす さすれ
61%
たし たく
60%
べし べかり
60%
しむ しむる
60%
しむ しむれ
60%
ざら
59%
まし ましか
59%
ざり
59%
らし らし
59%
ざれ
59%
さす させよ
59%
めり めり
58%
ごとくし ごとし
58%
ざる
58%
まほし まほしき
58%
さす さする
57%
まじ まじく
56%
らる られよ
56%
しむ しめよ
56%
べし べかる
55%
ごとくし ごとく
54%
まじ まじき
54%
しか
53%
たし たき
52%
めり めれ
52%
まじ まじけれ
52%
まほし まほしから
51%
むず むずる
51%
らむ らめ
51%
めり める
50%
まじ まじかる
50%
むず むずれ
50%
まほし まほしけれ
50%
けむ けめ
50%
てよ
50%
まじ まじから
49%
まほし まほしかり
47%
まじ まじかり
47%
ごとくし ごとき
47%
たし たけれ
45%
たし たから
44%
まほし まほしかる
44%
たし たかり
40%
たし たかる
36%
たり
34%
No matching quizzes found
Score Distribution
Percent of People with Each Score
Percentile by Number Answered
Your Score History
You have not taken this quiz